Hunnenblut : eine Begebenheit aus dem alten Chiemgau : Mit dem Bildnis des Dichters /

Hlavní autor: Jensen, Wilhelm, 1837-1911
Jazyk: Němčina
Vydáno: Leipzig : Philipp Reclam jun., [1892?]
Edice: Universal-Bibliothek
Fyzický popis: 88 stran : 1 portrét ; 15 cm
Language note: Tištěno švabachem
Knihy
Uloženo v:
LEADER 00940nam a22002777i 4500
001 001899359
003 CZ BrMZK
005 20240618114533.0
007 ta
008 240618s1892 gw c er|||||||||||ger d
040 |a BOA001  |b cze  |e rda 
100 1 |a Jensen, Wilhelm,  |d 1837-1911  |7 mzk2007417469  |4 aut 
245 1 0 |a Hunnenblut :  |b eine Begebenheit aus dem alten Chiemgau : Mit dem Bildnis des Dichters /  |c von Wilhelm Jensen 
264 1 |a Leipzig :  |b Philipp Reclam jun.,  |c [1892?] 
300 |a 88 stran :  |b 1 portrét ;  |c 15 cm 
336 |a text  |b txt  |2 rdacontent 
337 |a bez média  |b n  |2 rdamedia 
338 |a svazek  |b nc  |2 rdacarrier 
490 1 |a Universal-Bibliothek ;  |v 3000 
546 |a Tištěno švabachem 
830 0 |a Universal-Bibliothek 
910 |a BOA001  |b 1-0073.819,3000 
990 |a BK 
993 |a Y 
991 |b 202406 
996 6 |b 2618761394  |c 1-0073.819,3000  |l MZK  |r Sklad / do 1 hodiny  |n 0  |w 001968055  |u 000010  |a 1  |e BOA001  |j MZK50  |s P